00579nam a2200229Ia 4500008004100000020001800041050001800059050001800077100002000095245003200115245002800147245001900175250001600194260001700210260002500227260000900252300001600261300002000277300001100297650001500308650002600323160303s9999 xx 000 0 und d a971-08-6630-3 aFIL HG 4515.3 b.C37 2006 c.2 aCapitulo, F. M. aMathematics of investment : ba simplified approach / cF.M. Capitulo. a3rd Edition aQuezon City: bNational Book Store, c2006 a357 pages : billustrations ; c25 cm. aAnnuities. aBusiness mathematics.